| 000 | 00422 a2200157 4500 | ||
|---|---|---|---|
| 001 | 62453 | ||
| 020 | _a8573161582 | ||
| 040 | _cAnchieta - Pituba | ||
| 100 | _aReis, Eliana Lourenço De Lima | ||
| 240 | 1 | 0 |
_aPós-Colonialismo, identidade e mestiçagem cultural _lpor |
| 245 | 1 | 0 | _aPós-Colonialismo, identidade e mestiçagem cultural |
| 300 | _a305 | ||
| 362 | 0 | _a1999 | |
| 650 | 4 | _aLiteraturas africanas | |
| 942 | _cBK | ||
| 999 |
_c62453 _d62453 |
||